Programování v Excelu 2007 & 2010 : záznam, úprava a programování maker /

Hlavní autor: Laurenčík, Marek
Další autoři: Bureš, Michal
Jazyk: Čeština
Vydáno: Praha : Grada, 2011
Vydání: 1. vyd.
Edice: Průvodce (Grada)
Témata:
Fyzický popis: 190 s. : il. ; 24 cm
Knihy
Uloženo v:
LEADER 01918nam a2200529 a 4500
001 nkc20112163370
003 CZ PrNK
005 20110401065623.0
007 ta
008 110311s2011 xr a e f 001 0 cze
015 |a cnb002163370 
020 |a 978-80-247-3448-4  |q (brož.) 
035 |a (OCoLC)713796107 
040 |a ABA001  |b cze 
072 7 |a 004.4/.6  |x Programování. Software  |2 Konspekt  |9 23 
080 |a 004.42Excel  |2 MRF 
080 |a 004.422.56  |2 MRF 
080 |a 004.42  |2 MRF 
080 |a 004.438Visual Basic  |2 MRF 
080 |a (035)  |2 MRF 
100 1 |a Laurenčík, Marek  |7 ola2006323622  |4 aut 
245 1 0 |a Programování v Excelu 2007 & 2010 :  |b záznam, úprava a programování maker /  |c Marek Laurenčík, [spoluautor Michal Bureš] 
246 1 8 |a Programování v Excelu 2007 a 2010 
250 |a 1. vyd. 
260 |a Praha :  |b Grada,  |c 2011 
300 |a 190 s. :  |b il. ;  |c 24 cm 
490 1 |a Průvodce 
500 |a Obsahuje rejstřík 
650 0 7 |a Microsoft Excel 2007 (software)  |7 ph392415  |2 czenas 
650 0 7 |a Microsoft Excel 2010 (software)  |7 ph606769  |2 czenas 
650 0 7 |a makroinstrukce  |7 ph265682  |2 czenas 
650 0 7 |a programování  |7 ph115891  |2 czenas 
650 0 7 |a Microsoft Visual Basic for Applications (programovací jazyk)  |7 ph117785  |2 czenas 
650 0 9 |a Microsoft Excel 2007  |2 eczenas 
650 0 9 |a Microsoft Excel 2010  |2 eczenas 
650 0 9 |a macro instructions  |2 eczenas 
650 0 9 |a programming  |2 eczenas 
650 0 9 |a Microsoft Visual Basic for Applications  |2 eczenas 
655 7 |a příručky  |7 fd133209  |2 czenas 
655 9 |a handbooks and manuals  |2 eczenas 
700 1 |a Bureš, Michal  |7 jx20110311003  |4 aut 
830 0 |a Průvodce (Grada)  |0 s 
910 2 |a BOA001  |b 2-1263.136 
990 |a BK 
995 |a 01 
991 |b 201103  |c NOV  |j 004.4 LAU  |e n 
996 6 |b 2610472827  |c 2-1263.136  |l MZK  |r Sklad / do 1 hodiny  |n 8  |p p.v.  |w 001172593  |u 000010  |a 1  |e BOA001  |j MZK50  |s P